<?xml version="1.0" encoding="UTF-8"?>
<collection xmlns="http://www.loc.gov/MARC21/slim">
  <record>
    <leader>00000nam  2200000   4500</leader>
    <datafield tag="247" ind1="#" ind2="#">
      <subfield code="a"/>
    </datafield>
    <datafield tag="856" ind1="#" ind2="#">
      <subfield code="a"/>
    </datafield>
    <datafield tag="700" ind1=" " ind2="#">
      <subfield code="a"/>
    </datafield>
    <datafield tag="650" ind1=" " ind2="#">
      <subfield code="a">Pengelolaan Barang Bukti</subfield>
    </datafield>
    <datafield tag="650" ind1=" " ind2="#">
      <subfield code="a">Narkotika</subfield>
    </datafield>
    <datafield tag="520" ind1=" " ind2="#">
      <subfield code="a">Kedeputian Bidang Pemberantasan BNN memiliki peran penting dalam pemberantasan narkota, khususnya melalui pengawasan barang bukti. Namun, hingga saat ini, belum dibentuk sistem pelaporan terintegrasi yang dibekukan melalui kebijakan, standar operasional prosedur (SOP), proses bisnis, instrumen/tools pelaporan, hingga digitalisasi sistem pelaporan tersebut. Tujuan Proper ini adalah melakukan transformasi kebijakan pengelolaan barang bukti tindak pidana pada BNN sebagai langkah strategis dalam pengelolaan pengawasan barang bukti tindak pidana narkotika yang holistik dan integratif.</subfield>
    </datafield>
    <datafield tag="321" ind1="#" ind2="#">
      <subfield code="a"/>
    </datafield>
    <datafield tag="310" ind1="#" ind2="#">
      <subfield code="a"/>
    </datafield>
    <datafield tag="300" ind1="#" ind2="#">
      <subfield code="a">48 hlm. :</subfield>
      <subfield code="b">ill. ;</subfield>
      <subfield code="c">30 cm</subfield>
      <subfield code="e"/>
    </datafield>
    <datafield tag="260" ind1="#" ind2="#">
      <subfield code="a">Jakarta :</subfield>
      <subfield code="b">Pusbangkom Pimnas dan Manajerial ASN. ;</subfield>
      <subfield code="c">2024</subfield>
    </datafield>
    <controlfield tag="001">$a INLIS000000000020859</controlfield>
    <datafield tag="245" ind1="#" ind2="#">
      <subfield code="a">Transformasi Kebijakan Pengelolaan Barang Bukti Tindak Pidana Narkotika</subfield>
      <subfield code="b"/>
      <subfield code="c">Tri Setiyadi</subfield>
    </datafield>
    <datafield tag="100" ind1=" " ind2="#">
      <subfield code="a">Tri Setiyadi</subfield>
    </datafield>
    <datafield tag="084" ind1="#" ind2="#">
      <subfield code="a">R 0073 PKN I 2024</subfield>
    </datafield>
    <datafield tag="082" ind1="#" ind2="#">
      <subfield code="a"/>
    </datafield>
    <datafield tag="035" ind1="#" ind2="#">
      <subfield code="a">0010-0426000016</subfield>
    </datafield>
    <datafield tag="020" ind1="#" ind2="#">
      <subfield code="a"/>
    </datafield>
    <controlfield tag="008">$a 260414################g##########0#ind##</controlfield>
    <controlfield tag="005">$a 20260414151410</controlfield>
  </record>
</collection>
